000 00673nam a2200241 i 4500
001 bg
100 1 _aWILLIS, Jane
245 1 0 _aA framework for task-based learning /
_cJane Willis.
250 _a3rd impr.
260 _aHarlow :
_bLongman,
_c1999.
300 _aVI, 183 s. :
_brys. ;
_c24 cm.
490 1 _aLongman Handbooks for Language Teachers
504 _aBibliogr. s. 175-176.
650 9 _aJęzyki
_xnauczanie
_xmetody
830 _aLongman Handbooks for Language Teachers
020 _a0582259738
040 _cBPK
041 0 _aen
080 _a372.881.1:371.3
920 _a0-582-25973-8
942 _cKS
008 s pl f |000 0 pol
999 _c38526
_d38526
856 _uhttp://koha.tu.koszalin.pl/cgi-bin/koha/opac-detail.pl?biblionumber=38526
_yKatalog online BPK